[Event "DEM U10w 2023"]
[Site "Willingen GER"]
[Date "2023.06.03"]
[Round "11"]
[White "Gubler, Sarah"]
[Black "Döscher, Nayla"]
[Result "0-1"]
[Termination "normal"]
[Board "13"]
[WhiteElo "1139"]
[BlackElo "1111"]
[WhiteClock "01:14:03"]
[BlackClock "00:48:51"]
[PlyCount "74"]
[BlackFideId "34625046"]
[EventCountry "GER"]
[EventRounds "11"]
[EventType "swiss"]
[EventDate "2023.05.27"]

1. e4 {[%clk 01:15:58]} {[%emt 00:00:01]} e5 {[%clk 01:15:53]} {[%emt
00:00:07]} 2. Nf3 {[%clk 01:16:24]} {[%emt 00:00:04]} Nc6 {[%clk 01:16:12]}
{[%emt 00:00:12]} 3. d4 {[%clk 01:16:26]} {[%emt 00:00:28]} exd4 {[%clk
01:16:23]} {[%emt 00:00:18]} 4. Bc4 {[%clk 01:16:45]} {[%emt 00:00:11]} h6
{[%clk 01:16:08]} {[%emt 00:00:44]} 5. c3 {[%clk 01:16:41]} {[%emt 00:00:34]}
Nf6 {[%clk 01:15:35]} {[%emt 00:01:03]} 6. O-O {[%clk 01:16:18]} {[%emt
00:00:54]} d5 {[%clk 01:14:15]} {[%emt 00:01:40]} 7. exd5 {[%clk 01:12:48]}
{[%emt 00:04:10]} Nxd5 {[%clk 01:14:28]} {[%emt 00:00:17]} 8. Qxd4 {[%clk
01:12:01]} {[%emt 00:01:16]} Nxd4 {[%clk 01:14:37]} {[%emt 00:00:21]} 9. Nxd4
{[%clk 01:11:51]} {[%emt 00:00:40]} Be7 {[%clk 01:12:48]} {[%emt 00:02:19]} 10.
Bb5+ {[%clk 01:09:41]} {[%emt 00:02:40]} Bd7 {[%clk 01:10:12]} {[%emt
00:03:05]} 11. Bc4 {[%clk 01:09:54]} {[%emt 00:00:18]} Bc6 {[%clk 01:08:44]}
{[%emt 00:01:58]} 12. b4 {[%clk 01:09:36]} {[%emt 00:00:48]} Nxb4 {[%clk
01:03:45]} {[%emt 00:05:29]} 13. Ba3 {[%clk 01:09:08]} {[%emt 00:00:58]} Nd5
{[%clk 01:02:32]} {[%emt 00:01:42]} 14. Bxd5 {[%clk 01:09:17]} {[%emt
00:00:21]} Bxd5 {[%clk 01:01:51]} {[%emt 00:01:12]} 15. Bxe7 {[%clk 01:09:25]}
{[%emt 00:00:21]} Qxe7 {[%clk 01:01:31]} {[%emt 00:00:51]} 16. Nf5 {[%clk
01:09:32]} {[%emt 00:00:23]} Qe4 {[%clk 00:55:52]} {[%emt 00:05:40]} 17. Nxg7+
{[%clk 01:09:33]} {[%emt 00:00:56]} Kf8 {[%clk 00:55:49]} {[%emt 00:00:36]} 18.
f3 {[%clk 01:09:49]} {[%emt 00:00:14]} Qe3+ {[%clk 00:55:42]} {[%emt 00:00:37]}
19. Kh1 {[%clk 01:10:01]} {[%emt 00:00:17]} Kxg7 {[%clk 00:55:38]} {[%emt
00:00:34]} 20. Rd1 {[%clk 01:10:15]} {[%emt 00:00:15]} Bxf3 {[%clk 00:46:41]}
{[%emt 00:09:28]} 21. gxf3 {[%clk 01:10:04]} {[%emt 00:00:42]} Qxf3+ {[%clk
00:46:59]} {[%emt 00:00:13]} 22. Kg1 {[%clk 01:10:22]} {[%emt 00:00:11]} Qxd1+
{[%clk 00:47:20]} {[%emt 00:00:08]} 23. Kf2 {[%clk 01:10:38]} {[%emt 00:00:13]}
Rae8 {[%clk 00:46:27]} {[%emt 00:01:25]} 24. a3 {[%clk 01:10:29]} {[%emt
00:00:39]} Qe2+ {[%clk 00:46:25]} {[%emt 00:00:31]} 25. Kg1 {[%clk 01:10:35]}
{[%emt 00:00:22]} Qb2 {[%clk 00:45:53]} {[%emt 00:00:57]} 26. Kf1 {[%clk
01:10:54]} {[%emt 00:00:18]} Qxa1 {[%clk 00:45:46]} {[%emt 00:00:38]} 27. Kf2
{[%clk 01:11:14]} {[%emt 00:00:09]} Qxb1 {[%clk 00:46:06]} {[%emt 00:00:11]}
28. Kf3 {[%clk 01:11:36]} {[%emt 00:00:07]} Qf5+ {[%clk 00:46:15]} {[%emt
00:00:22]} 29. Kg3 {[%clk 01:11:58]} {[%emt 00:00:06]} Re3+ {[%clk 00:46:33]}
{[%emt 00:00:13]} 30. Kg2 {[%clk 01:12:14]} {[%emt 00:00:13]} Qf2+ {[%clk
00:46:56]} {[%emt 00:00:08]} 31. Kxf2 {[%clk 01:12:35]} {[%emt 00:00:09]} Rxc3
{[%clk 00:47:09]} {[%emt 00:00:17]} 32. h4 {[%clk 01:12:49]} {[%emt 00:00:16]}
Rd8 {[%clk 00:47:23]} {[%emt 00:00:16]} 33. Ke2 {[%clk 01:13:10]} {[%emt
00:00:09]} Rdd3 {[%clk 00:47:38]} {[%emt 00:00:15]} 34. h5 {[%clk 01:13:33]}
{[%emt 00:00:07]} Rxa3 {[%clk 00:47:47]} {[%emt 00:00:21]} 35. Kf2 {[%clk
01:13:15]} {[%emt 00:00:47]} Ra2+ {[%clk 00:48:10]} {[%emt 00:00:08]} 36. Ke1
{[%clk 01:13:40]} {[%emt 00:00:05]} Rb3 {[%clk 00:48:30]} {[%emt 00:00:10]} 37.
Kd1 {[%clk 01:14:03]} {[%emt 00:00:08]} Rb1# {[%clk 00:48:51]} {[%emt
00:00:09]} 0-1

[Event "DEM U10w 2023"]
[Site "Willingen GER"]
[Date "2023.06.03"]
[Round "11"]
[White "Klymenko, Mariia"]
[Black "Kryvak, Mariia"]
[Result "0-1"]
[Termination "normal"]
[Board "14"]
[WhiteElo "1039"]
[BlackElo "1083"]
[WhiteClock "00:16:13"]
[BlackClock "01:30:44"]
[PlyCount "168"]
[WhiteFideId "34620621"]
[BlackFideId "34164413"]
[EventCountry "GER"]
[EventRounds "11"]
[EventType "swiss"]
[EventDate "2023.05.27"]

1. e4 {[%clk 01:15:58]} {[%emt 00:00:02]} e5 {[%clk 01:15:57]} {[%emt
00:00:04]} 2. f4 {[%clk 01:16:24]} {[%emt 00:00:03]} exf4 {[%clk 01:16:22]}
{[%emt 00:00:05]} 3. Bc4 {[%clk 01:16:50]} {[%emt 00:00:04]} Nf6 {[%clk
01:16:42]} {[%emt 00:00:10]} 4. e5 {[%clk 01:17:11]} {[%emt 00:00:09]} Ne4
{[%clk 01:16:42]} {[%emt 00:00:31]} 5. d3 {[%clk 01:17:12]} {[%emt 00:00:28]}
Qh4+ {[%clk 01:16:53]} {[%emt 00:00:19]} 6. g3 {[%clk 01:15:16]} {[%emt
00:02:26]} Nxg3 {[%clk 01:16:47]} {[%emt 00:00:36]} 7. Nf3 {[%clk 01:13:18]}
{[%emt 00:02:29]} Qh5 {[%clk 01:15:50]} {[%emt 00:01:27]} 8. Rg1 {[%clk
01:10:05]} {[%emt 00:03:43]} Nf5 {[%clk 01:15:17]} {[%emt 00:01:02]} 9. d4
{[%clk 00:55:10]} {[%emt 00:15:26]} Be7 {[%clk 01:15:23]} {[%emt 00:00:23]} 10.
Bxf4 {[%clk 00:54:39]} {[%emt 00:01:02]} Bh4+ {[%clk 01:15:07]} {[%emt
00:00:47]} 11. Nxh4 {[%clk 00:51:14]} {[%emt 00:03:54]} Qxh4+ {[%clk 01:15:24]}
{[%emt 00:00:13]} 12. Bg3 {[%clk 00:51:23]} {[%emt 00:00:19]} Nxg3 {[%clk
01:15:41]} {[%emt 00:00:15]} 13. hxg3 {[%clk 00:49:29]} {[%emt 00:02:23]} Qh2
{[%clk 01:15:19]} {[%emt 00:00:52]} 14. Rf1 {[%clk 00:43:48]} {[%emt 00:06:11]}
Qxg3+ {[%clk 01:15:39]} {[%emt 00:00:10]} 15. Rf2 {[%clk 00:44:06]} {[%emt
00:00:12]} Qg1+ {[%clk 01:15:59]} {[%emt 00:00:10]} 16. Rf1 {[%clk 00:42:51]}
{[%emt 00:01:46]} Qe3+ {[%clk 01:16:23]} {[%emt 00:00:07]} 17. Be2 {[%clk
00:42:05]} {[%emt 00:01:15]} O-O {[%clk 01:16:38]} {[%emt 00:00:15]} 18. Nc3
{[%clk 00:40:52]} {[%emt 00:01:42]} Qg3+ {[%clk 01:16:35]} {[%emt 00:00:33]}
19. Rf2 {[%clk 00:40:57]} {[%emt 00:00:26]} d6 {[%clk 01:16:14]} {[%emt
00:00:52]} 20. Qd2 {[%clk 00:39:04]} {[%emt 00:02:22]} dxe5 {[%clk 01:16:10]}
{[%emt 00:00:34]} 21. dxe5 {[%clk 00:37:48]} {[%emt 00:01:46]} Nc6 {[%clk
01:16:26]} {[%emt 00:00:14]} 22. Qf4 {[%clk 00:27:34]} {[%emt 00:10:43]} Qg1+
{[%clk 01:15:58]} {[%emt 00:00:58]} 23. Rf1 {[%clk 00:27:26]} {[%emt 00:00:39]}
Qd4 {[%clk 01:16:09]} {[%emt 00:00:20]} 24. Qxd4 {[%clk 00:26:56]} {[%emt
00:00:58]} Nxd4 {[%clk 01:16:12]} {[%emt 00:00:28]} 25. O-O-O {[%clk 00:27:03]}
{[%emt 00:00:24]} Nxe2+ {[%clk 01:16:30]} {[%emt 00:00:12]} 26. Nxe2 {[%clk
00:27:22]} {[%emt 00:00:10]} Bg4 {[%clk 01:16:51]} {[%emt 00:00:09]} 27. Kd2
{[%clk 00:26:33]} {[%emt 00:01:19]} Rad8+ {[%clk 01:17:14]} {[%emt 00:00:08]}
28. Ke3 {[%clk 00:26:41]} {[%emt 00:00:18]} h6 {[%clk 01:17:22]} {[%emt
00:00:24]} 29. Rg1 {[%clk 00:25:51]} {[%emt 00:01:06]} Rxd1 {[%clk 01:17:41]}
{[%emt 00:00:26]} 30. Rxd1 {[%clk 00:26:14]} {[%emt 00:00:07]} Re8 {[%clk
01:17:57]} {[%emt 00:00:13]} 31. Rd2 {[%clk 00:24:24]} {[%emt 00:02:04]} Rxe5+
{[%clk 01:18:16]} {[%emt 00:00:28]} 32. Kf2 {[%clk 00:24:37]} {[%emt 00:00:11]}
Rf5+ {[%clk 01:18:35]} {[%emt 00:00:17]} 33. Ke3 {[%clk 00:24:22]} {[%emt
00:00:41]} Rb5 {[%clk 01:18:53]} {[%emt 00:00:15]} 34. c4 {[%clk 00:23:49]}
{[%emt 00:01:05]} Re5+ {[%clk 01:19:05]} {[%emt 00:00:18]} 35. Kf2 {[%clk
00:24:08]} {[%emt 00:00:08]} b5 {[%clk 01:19:26]} {[%emt 00:00:11]} 36. cxb5
{[%clk 00:23:51]} {[%emt 00:00:47]} Rxb5 {[%clk 01:19:52]} {[%emt 00:00:05]}
37. Kg3 {[%clk 00:23:23]} {[%emt 00:00:57]} Rg5 {[%clk 01:20:12]} {[%emt
00:00:10]} 38. Kf4 {[%clk 00:23:05]} {[%emt 00:00:42]} Kh7 {[%clk 01:20:21]}
{[%emt 00:00:26]} 39. Ng3 {[%clk 00:22:34]} {[%emt 00:01:01]} Be6 {[%clk
01:20:26]} {[%emt 00:00:26]} 40. Rc2 {[%clk 00:21:52]} {[%emt 00:01:10]} Bxa2
{[%clk 01:20:39]} {[%emt 00:00:19]} 41. Rxc7 {[%clk 00:22:07]} {[%emt
00:00:15]} a5 {[%clk 01:20:53]} {[%emt 00:00:17]} 42. Ne4 {[%clk 00:21:25]}
{[%emt 00:01:09]} Rb5 {[%clk 01:20:50]} {[%emt 00:00:36]} 43. Ra7 {[%clk
00:20:40]} {[%emt 00:01:12]} g5+ {[%clk 01:21:05]} {[%emt 00:00:18]} 44. Kg4
{[%clk 00:20:24]} {[%emt 00:00:36]} Rb4 {[%clk 01:20:45]} {[%emt 00:01:00]} 45.
Kf5 {[%clk 00:20:11]} {[%emt 00:00:28]} Be6+ {[%clk 01:20:57]} {[%emt
00:00:32]} 46. Ke5 {[%clk 00:20:10]} {[%emt 00:00:17]} Rb5+ {[%clk 01:21:01]}
{[%emt 00:00:40]} 47. Kd4 {[%clk 00:20:20]} {[%emt 00:00:18]} Rxb2 {[%clk
01:21:11]} {[%emt 00:00:23]} 48. Rxa5 {[%clk 00:20:41]} {[%emt 00:00:08]} Rb4+
{[%clk 01:21:26]} {[%emt 00:00:15]} 49. Ke5 {[%clk 00:20:50]} {[%emt 00:00:13]}
Kg6 {[%clk 01:21:26]} {[%emt 00:00:35]} 50. Ra6 {[%clk 00:18:43]} {[%emt
00:02:38]} Rb5+ {[%clk 01:21:46]} {[%emt 00:00:12]} 51. Kd4 {[%clk 00:18:49]}
{[%emt 00:00:11]} Rd5+ {[%clk 01:22:10]} {[%emt 00:00:20]} 52. Ke3 {[%clk
00:18:57]} {[%emt 00:00:15]} Kf5 {[%clk 01:22:21]} {[%emt 00:00:23]} 53. Ng3+
{[%clk 00:17:39]} {[%emt 00:01:47]} Kg4 {[%clk 01:22:44]} {[%emt 00:00:10]} 54.
Ne4 {[%clk 00:17:54]} {[%emt 00:00:13]} Re5 {[%clk 01:22:27]} {[%emt 00:00:49]}
55. Kd4 {[%clk 00:17:48]} {[%emt 00:00:33]} Kf4 {[%clk 01:22:48]} {[%emt
00:00:10]} 56. Nf2 {[%clk 00:17:20]} {[%emt 00:00:59]} Rd5+ {[%clk 01:22:49]}
{[%emt 00:00:29]} 57. Kc3 {[%clk 00:17:31]} {[%emt 00:00:14]} h5 {[%clk
01:22:59]} {[%emt 00:00:26]} 58. Nd3+ {[%clk 00:17:16]} {[%emt 00:00:35]} Ke3
{[%clk 01:23:02]} {[%emt 00:00:29]} 59. Nb4 {[%clk 00:17:12]} {[%emt 00:00:40]}
Rc5+ {[%clk 01:23:18]} {[%emt 00:00:16]} 60. Kb2 {[%clk 00:17:31]} {[%emt
00:02:06]} Rb5 {[%clk 01:25:35]} {[%emt 00:00:44]} 61. Kc3 {[%clk 00:17:03]}
{[%emt 00:00:52]} g4 {[%clk 01:25:43]} {[%emt 00:00:28]} 62. Nc2 {[%clk
00:17:15]} {[%emt 00:00:17]} Kf2 {[%clk 01:25:49]} {[%emt 00:00:23]} 63. Nd4
{[%clk 00:17:25]} {[%emt 00:00:19]} Re5 {[%clk 01:26:05]} {[%emt 00:00:16]} 64.
Ra1 {[%clk 00:16:30]} {[%emt 00:01:21]} g3 {[%clk 01:26:16]} {[%emt 00:00:23]}
65. Kd2 {[%clk 00:15:56]} {[%emt 00:00:58]} g2 {[%clk 01:26:29]} {[%emt
00:00:22]} 66. Kd3 {[%clk 00:15:49]} {[%emt 00:00:36]} Rd5 {[%clk 01:26:28]}
{[%emt 00:00:33]} 67. Ke4 {[%clk 00:14:50]} {[%emt 00:01:22]} g1=Q {[%emt
00:00:28]} 68. Rxg1 {[%clk 00:15:08]} {[%emt 00:00:03]} Kxg1 {[%clk 01:27:01]}
{[%emt 00:00:15]} 69. Nf3+ {[%clk 00:14:53]} {[%emt 00:00:44]} Kf2 {[%clk
01:27:18]} {[%emt 00:00:11]} 70. Nh4 {[%clk 00:15:01]} {[%emt 00:00:16]} f5+
{[%clk 01:27:33]} {[%emt 00:00:23]} 71. Kf4 {[%clk 00:14:52]} {[%emt 00:00:37]}
Bd7 {[%clk 01:27:44]} {[%emt 00:00:20]} 72. Kg5 {[%clk 00:14:10]} {[%emt
00:01:15]} Rc5 {[%clk 01:27:57]} {[%emt 00:00:16]} 73. Ng6 {[%clk 00:14:10]}
{[%emt 00:00:27]} Kf3 {[%clk 01:28:07]} {[%emt 00:00:21]} 74. Nh4+ {[%clk
00:14:26]} {[%emt 00:00:15]} Ke4 {[%clk 01:28:28]} {[%emt 00:00:09]} 75. Ng6
{[%clk 00:14:49]} {[%emt 00:00:08]} f4+ {[%clk 01:28:47]} {[%emt 00:00:10]} 76.
Kh4 {[%clk 00:15:10]} {[%emt 00:00:08]} f3 {[%clk 01:29:02]} {[%emt 00:00:17]}
77. Kg3 {[%clk 00:15:07]} {[%emt 00:00:32]} Rg5+ {[%clk 01:29:18]} {[%emt
00:00:15]} 78. Kh4 {[%clk 00:15:10]} {[%emt 00:00:15]} Rxg6 {[%clk 01:29:40]}
{[%emt 00:00:19]} 79. Kxh5 {[%clk 00:15:22]} {[%emt 00:00:19]} f2 {[%clk
01:30:03]} {[%emt 00:00:07]} 80. Kxg6 {[%clk 00:15:44]} {[%emt 00:00:07]} f1=Q
{[%clk 01:30:26]} {[%emt 00:00:08]} 81. Kg5 {[%clk 00:15:56]} {[%emt 00:00:17]}
Ke5 {[%emt 00:00:32]} 82. Kh5 {[%clk 00:16:05]} Kf6 {[%clk 01:30:41]} {[%emt
00:00:33]} 83. Kh4 {[%clk 00:16:09]} {[%emt 00:00:22]} Qf4+ {[%clk 01:30:52]}
{[%emt 00:00:23]} 84. Kh5 {[%clk 00:16:13]} {[%emt 00:00:27]} Qg5+ {[%clk
01:30:44]} {[%emt 00:00:07]} 0-1

[Event "DEM U10w 2023"]
[Site "Willingen GER"]
[Date "2023.06.03"]
[Round "11"]
[White "Guruprasad, Aditi"]
[Black "Zietz, Leni"]
[Result "1/2-1/2"]
[Termination "normal"]
[Board "16"]
[WhiteElo "893"]
[BlackElo "893"]
[WhiteClock "00:23:57"]
[BlackClock "00:50:39"]
[PlyCount "48"]
[EventCountry "GER"]
[EventRounds "11"]
[EventType "swiss"]
[EventDate "2023.05.27"]

1. e4 {[%clk 01:15:59]} c5 {[%clk 01:15:51]} {[%emt 00:00:09]} 2. Nf3 {[%clk
01:16:24]} {[%emt 00:00:05]} Nc6 {[%clk 01:16:11]} {[%emt 00:00:10]} 3. c3
{[%clk 01:15:34]} {[%emt 00:01:20]} g6 {[%clk 01:16:12]} {[%emt 00:00:28]} 4.
d4 {[%clk 01:15:50]} {[%emt 00:00:14]} b6 {[%clk 01:16:00]} {[%emt 00:00:42]}
5. Be3 {[%clk 01:14:41]} {[%emt 00:01:39]} d6 {[%clk 01:15:12]} {[%emt
00:01:16]} 6. Bb5 {[%clk 01:12:31]} {[%emt 00:02:41]} Bd7 {[%clk 01:14:53]}
{[%emt 00:00:49]} 7. Nbd2 {[%clk 01:10:49]} {[%emt 00:02:12]} Bg7 {[%clk
01:14:46]} {[%emt 00:00:36]} 8. dxc5 {[%clk 01:05:48]} {[%emt 00:05:32]} bxc5
{[%clk 01:13:51]} {[%emt 00:01:25]} 9. O-O {[%clk 01:00:41]} {[%emt 00:05:38]}
Nf6 {[%clk 01:11:33]} {[%emt 00:02:47]} 10. Re1 {[%clk 00:58:11]} {[%emt
00:03:00]} O-O {[%clk 01:11:18]} {[%emt 00:00:44]} 11. Bg5 {[%clk 00:57:17]}
{[%emt 00:01:25]} Rb8 {[%clk 01:10:14]} {[%emt 00:01:34]} 12. Bxc6 {[%clk
00:56:36]} {[%emt 00:01:11]} Bxc6 {[%clk 01:10:15]} {[%emt 00:00:28]} 13. Rb1
{[%clk 00:55:04]} {[%emt 00:02:03]} h6 {[%clk 01:05:53]} {[%emt 00:04:51]} 14.
Bxf6 {[%clk 00:51:41]} {[%emt 00:03:54]} Bxf6 {[%clk 01:06:08]} {[%emt
00:00:14]} 15. Qc2 {[%clk 00:50:18]} {[%emt 00:01:49]} Bd7 {[%clk 00:59:33]}
{[%emt 00:07:10]} 16. h3 {[%clk 00:47:17]} {[%emt 00:03:31]} d5 {[%clk
00:59:15]} {[%emt 00:00:47]} 17. Qc1 {[%clk 00:39:32]} {[%emt 00:08:03]} dxe4
{[%clk 00:59:15]} {[%emt 00:00:43]} 18. Nxe4 {[%clk 00:39:42]} {[%emt
00:00:20]} Bf5 {[%clk 00:58:51]} {[%emt 00:00:54]} 19. Nxf6+ {[%clk 00:39:00]}
{[%emt 00:01:12]} exf6 {[%clk 00:59:06]} {[%emt 00:00:16]} 20. Ra1 {[%clk
00:39:08]} {[%emt 00:00:22]} Kg7 {[%clk 00:58:41]} {[%emt 00:00:54]} 21. Nh4
{[%clk 00:36:45]} {[%emt 00:02:53]} Bd7 {[%clk 00:56:12]} {[%emt 00:03:00]} 22.
b3 {[%clk 00:32:35]} {[%emt 00:04:39]} Bc6 {[%clk 00:56:09]} {[%emt 00:00:33]}
23. Qe3 {[%clk 00:29:44]} {[%emt 00:03:15]} Qd5 {[%clk 00:53:10]} {[%emt
00:03:27]} 24. Rad1 {[%clk 00:23:57]} {[%emt 00:06:24]} Qg5 {[%clk 00:50:39]}
{[%emt 00:03:01]} 1/2-1/2

[Event "DEM U10w 2023"]
[Site "Willingen GER"]
[Date "2023.06.03"]
[Round "11"]
[White "Wieckowicz, Bui Havy"]
[Black "Bräutigam, Viktoria"]
[Result "1-0"]
[Termination "normal"]
[Board "18"]
[WhiteElo "1065"]
[BlackElo "770"]
[WhiteClock "01:07:30"]
[BlackClock "00:59:57"]
[PlyCount "39"]
[WhiteFideId "34639926"]
[BlackFideId "34638652"]
[EventCountry "GER"]
[EventRounds "11"]
[EventType "swiss"]
[EventDate "2023.05.27"]

1. e4 {[%clk 01:15:59]} {[%emt 00:07:28]} e5 {[%clk 01:15:50]} {[%emt
00:00:10]} 2. Nf3 {[%clk 01:16:25]} {[%emt 00:00:04]} Nc6 {[%clk 01:15:58]}
{[%emt 00:00:23]} 3. Bc4 {[%clk 01:16:43]} {[%emt 00:00:11]} Bc5 {[%clk
01:16:12]} {[%emt 00:00:15]} 4. c3 {[%clk 01:17:06]} {[%emt 00:00:07]} d6
{[%clk 01:15:53]} {[%emt 00:00:49]} 5. d3 {[%clk 01:16:37]} {[%emt 00:01:00]}
h6 {[%clk 01:15:09]} {[%emt 00:01:14]} 6. O-O {[%clk 01:17:01]} {[%emt
00:00:07]} Nf6 {[%clk 01:15:24]} {[%emt 00:00:14]} 7. h3 {[%clk 01:17:25]}
{[%emt 00:00:06]} O-O {[%clk 01:15:11]} {[%emt 00:00:42]} 8. Nbd2 {[%clk
01:16:48]} {[%emt 00:01:08]} Nh5 {[%clk 01:14:54]} {[%emt 00:00:46]} 9. Nxe5
{[%clk 01:14:59]} {[%emt 00:02:18]} Ng3 {[%clk 01:14:54]} {[%emt 00:00:32]} 10.
Qf3 {[%clk 01:11:38]} {[%emt 00:03:52]} Nxf1 {[%clk 01:14:40]} {[%emt
00:00:43]} 11. Nxf7 {[%clk 01:11:45]} {[%emt 00:00:21]} Nxd2 {[%clk 01:12:50]}
{[%emt 00:02:22]} 12. Nxd8+ {[%clk 01:12:01]} {[%emt 00:00:14]} Rf7 {[%clk
01:05:20]} {[%emt 00:07:59]} 13. Qxf7+ {[%emt 00:00:45]} Kh8 {[%emt 00:00:35]}
14. Nxc6 {[%clk 01:10:54]} {[%emt 00:00:16]} bxc6 {[%emt 00:00:28]} 15. Bxd2
{[%clk 01:11:12]} {[%emt 00:00:07]} Bb7 {[%clk 01:04:32]} {[%emt 00:03:07]} 16.
Qxc7 {[%clk 01:10:35]} {[%emt 00:01:05]} Bc8 {[%clk 01:02:55]} {[%emt
00:02:11]} 17. Qxc6 {[%clk 01:09:19]} {[%emt 00:01:44]} Bb6 {[%clk 01:02:35]}
{[%emt 00:00:53]} 18. Qxa8 {[%clk 01:09:21]} {[%emt 00:00:26]} g5 {[%clk
00:59:55]} {[%emt 00:03:11]} 19. Qxc8+ {[%clk 01:09:41]} {[%emt 00:00:10]} Kh7
{[%clk 00:59:57]} {[%emt 00:00:28]} 20. Qg8# {[%clk 01:07:30]} {[%emt
00:01:05]} 1-0

[Event "DEM U10w 2023"]
[Site "Willingen GER"]
[Date "2023.06.03"]
[Round "11"]
[White "Rhein, Linnea"]
[Black "Ebel, Io Cornelia"]
[Result "1-0"]
[Termination "normal"]
[Board "20"]
[WhiteElo "849"]
[BlackElo "768"]
[WhiteClock "00:29:50"]
[BlackClock "00:44:15"]
[PlyCount "91"]
[WhiteFideId "34649018"]
[EventCountry "GER"]
[EventRounds "11"]
[EventType "swiss"]
[EventDate "2023.05.27"]

1. d4 {[%clk 01:15:48]} d5 {[%clk 01:15:55]} {[%emt 00:00:16]} 2. Bf4 {[%clk
01:16:03]} {[%emt 00:00:14]} Nf6 {[%clk 01:16:10]} {[%emt 00:00:16]} 3. e3
{[%clk 01:16:21]} {[%emt 00:00:11]} c5 {[%clk 01:15:53]} {[%emt 00:00:47]} 4.
c3 {[%clk 01:16:19]} {[%emt 00:00:33]} cxd4 {[%clk 01:15:37]} {[%emt 00:00:45]}
5. cxd4 {[%clk 01:16:26]} {[%emt 00:00:23]} e6 {[%clk 01:15:29]} {[%emt
00:00:38]} 6. Bd3 {[%clk 01:16:14]} {[%emt 00:00:42]} Bb4+ {[%clk 01:15:19]}
{[%emt 00:00:40]} 7. Nd2 {[%clk 01:16:11]} {[%emt 00:00:32]} Nc6 {[%clk
01:14:37]} {[%emt 00:01:12]} 8. Ngf3 {[%clk 01:16:00]} {[%emt 00:00:43]} O-O
{[%clk 01:14:12]} {[%emt 00:00:54]} 9. O-O {[%clk 01:15:58]} {[%emt 00:00:31]}
Nh5 {[%clk 01:14:12]} {[%emt 00:00:30]} 10. Ne5 {[%clk 01:12:58]} {[%emt
00:03:31]} Nxf4 {[%clk 01:13:21]} {[%emt 00:01:20]} 11. exf4 {[%clk 01:12:56]}
{[%emt 00:00:33]} Nxe5 {[%clk 01:13:27]} {[%emt 00:00:24]} 12. fxe5 {[%clk
01:13:08]} {[%emt 00:00:18]} Qg5 {[%clk 01:12:39]} {[%emt 00:01:14]} 13. Nf3
{[%clk 01:12:49]} {[%emt 00:00:53]} Qh5 {[%clk 01:11:57]} {[%emt 00:01:05]} 14.
a3 {[%clk 01:10:29]} {[%emt 00:02:58]} Be7 {[%clk 01:10:35]} {[%emt 00:01:50]}
15. Bc2 {[%clk 01:08:11]} {[%emt 00:02:49]} Bd7 {[%clk 01:09:30]} {[%emt
00:01:36]} 16. Re1 {[%clk 01:02:40]} {[%emt 00:06:01]} Bb5 {[%clk 01:08:34]}
{[%emt 00:01:19]} 17. Rc1 {[%clk 00:59:18]} {[%emt 00:03:58]} Bg5 {[%clk
01:04:53]} {[%emt 00:04:11]} 18. Rb1 {[%clk 00:58:04]} {[%emt 00:01:44]} Bf4
{[%clk 01:04:24]} {[%emt 00:00:56]} 19. h3 {[%clk 00:57:22]} {[%emt 00:01:15]}
f6 {[%clk 01:01:00]} {[%emt 00:03:54]} 20. a4 {[%clk 00:51:55]} {[%emt
00:05:57]} Ba6 {[%clk 01:00:51]} {[%emt 00:00:39]} 21. Bd3 {[%clk 00:49:11]}
{[%emt 00:03:14]} fxe5 {[%emt 00:02:25]} 22. Bxa6 {[%clk 00:45:47]} {[%emt
00:03:52]} bxa6 {[%clk 00:59:18]} {[%emt 00:00:10]} 23. Nxe5 {[%clk 00:45:27]}
{[%emt 00:00:49]} Qh4 {[%clk 00:58:11]} {[%emt 00:01:37]} 24. Nf3 {[%clk
00:44:46]} {[%emt 00:01:10]} Qh5 {[%clk 00:55:20]} {[%emt 00:03:04]} 25. Rxe6
{[%clk 00:43:56]} {[%emt 00:01:38]} Qf5 {[%clk 00:53:46]} {[%emt 00:01:48]} 26.
Rxa6 {[%clk 00:42:06]} {[%emt 00:02:38]} Rfe8 {[%clk 00:50:45]} {[%emt
00:03:16]} 27. b4 {[%clk 00:38:54]} {[%emt 00:03:57]} Re6 {[%clk 00:47:47]}
{[%emt 00:03:23]} 28. Rxe6 {[%clk 00:38:09]} {[%emt 00:01:20]} Qxe6 {[%clk
00:47:57]} {[%emt 00:00:21]} 29. a5 {[%clk 00:36:54]} {[%emt 00:01:46]} a6
{[%clk 00:46:49]} {[%emt 00:01:37]} 30. b5 {[%clk 00:36:54]} {[%emt 00:00:30]}
Rb8 {[%clk 00:44:44]} {[%emt 00:02:34]} 31. bxa6 {[%clk 00:34:15]} {[%emt
00:03:09]} Rxb1 {[%clk 00:44:55]} {[%emt 00:00:20]} 32. Qxb1 {[%clk 00:34:19]}
{[%emt 00:00:26]} Qc8 {[%clk 00:44:32]} {[%emt 00:00:50]} 33. g3 {[%clk
00:32:17]} {[%emt 00:02:33]} Qb8 {[%clk 00:43:42]} {[%emt 00:01:20]} 34. Qxb8+
{[%clk 00:30:09]} {[%emt 00:02:40]} Bxb8 {[%clk 00:44:03]} {[%emt 00:00:09]}
35. Ne5 {[%clk 00:30:18]} {[%emt 00:00:20]} Bc7 {[%clk 00:44:08]} {[%emt
00:00:26]} 36. a7 {[%clk 00:30:20]} {[%emt 00:00:28]} Bxe5 {[%emt 00:01:24]}
37. a8=Q+ {[%clk 00:29:59]} {[%emt 00:00:50]} Kf7 {[%clk 00:43:35]} {[%emt
00:00:09]} 38. Qxd5+ {[%clk 00:29:46]} {[%emt 00:00:44]} Kf6 {[%clk 00:43:42]}
{[%emt 00:00:23]} 39. dxe5+ {[%clk 00:29:55]} {[%emt 00:00:20]} Kg6 {[%clk
00:43:55]} {[%emt 00:00:18]} 40. e6 {[%clk 00:29:46]} {[%emt 00:00:40]} Kf6
{[%clk 00:44:11]} {[%emt 00:00:13]} 41. Qe4 {[%clk 00:29:55]} {[%emt 00:00:20]}
g6 {[%clk 00:44:23]} {[%emt 00:00:19]} 42. e7 {[%clk 00:30:05]} {[%emt
00:00:20]} Kf7 {[%clk 00:43:55]} {[%emt 00:00:58]} 43. e8=Q+ {[%emt 00:00:15]}
Kg7 {[%emt 00:00:12]} 44. g4 {[%clk 00:29:16]} {[%emt 00:00:52]} h5 {[%clk
00:44:15]} {[%emt 00:00:10]} 45. g5 {[%clk 00:29:30]} {[%emt 00:00:16]} Kh7
{[%clk 00:44:15]} {[%emt 00:00:29]} 46. Q4e7# {[%clk 00:29:50]} {[%emt
00:00:11]} 1-0